| 000 | 00383nam a2200157Ia 4500 | ||
|---|---|---|---|
| 008 | 230312s9999||||xx |||||||||||||| ||und|| | ||
| 020 | _a0-340-80492-0 | ||
| 082 |
_a798.40069 _bSOM |
||
| 100 | _aMatt Somers | ||
| 245 | 0 | _aCoaching in a Week | |
| 260 |
_bHodder & Stoughton _aGB _c2002 |
||
| 300 | _a96 | ||
| 546 | _aEng. | ||
| 650 |
_aComputer _vIntroduction to Coaching |
||
| 942 | _cBK | ||
| 999 |
_c195 _d195 |
||